[Event "Aberto Brasil - II Niterói Chess Open "]
[Site "Salão de Convenções do Hot"]
[Date "2022.09.02"]
[Round "3.81"]
[White "Souza, Dion Avalone"]
[Black "Maia, Erick De Figueiredo"]
[Result "0-1"]
[WhiteElo "1750"]
[BlackElo "1722"]
[PlyCount "100"]
[EventDate "2022.09.01"]
[EventRounds "9"]
[EventCountry "BRA"]

1. e4 c5 2. Nf3 e6 3. c3 Qc7 4. h3 b6 5. d4 Bb7 6. Bd3 Nf6 7. e5 Nd5 8. a3 c4
9. Bc2 h6 10. O-O Be7 11. Qe2 O-O 12. Nbd2 b5 13. a4 a6 14. axb5 axb5 15. Rxa8
Bxa8 16. Nh2 Nf4 17. Qg4 g5 18. Re1 Nxg2 19. Re4 Nh4 20. Qh5 Bxe4 21. Nxe4 Nf5
22. Ng4 Kg7 23. Nef6 Rh8 24. Bxf5 exf5 25. Nxh6 Rxh6 26. Ne8+ Kf8 27. Qxh6+
Kxe8 28. Qh8+ Bf8 29. Bxg5 Qc6 30. h4 Qg6 31. f4 Qg7 32. Qxg7 Bxg7 33. h5 Kf8
34. h6 Bh8 35. Kf2 Na6 36. d5 Nc5 37. Ke3 Ne4 38. Kd4 d6 39. Bh4 Kg8 40. Be7
Kh7 41. Ke3 dxe5 42. d6 Nc5 43. Bg5 f6 44. Bh4 Kxh6 45. Bf2 Bg7 46. Kf3 Nd7 47.
Be3 Kg6 48. fxe5 fxe5 49. Ke2 Bf8 50. Bd2 Bxd6 0-1

[Event "Aberto Brasil - II Niterói Chess Open "]
[Site "Salão de Convenções do Hot"]
[Date "2022.09.02"]
[Round "3.84"]
[White "Motta, Vinicius Araujo Dia"]
[Black "Pavao, Tiago Lara Biasi"]
[Result "1-0"]
[WhiteElo "1643"]
[BlackElo "1761"]
[PlyCount "51"]
[EventDate "2022.09.01"]
[EventRounds "9"]
[EventCountry "BRA"]

1. e4 e5 2. Nf3 Nc6 3. Bc4 Nf6 4. O-O Bc5 5. c3 O-O 6. d4 Bd6 7. d5 Na5 8. Bd3
Re8 9. b4 Nc6 10. dxc6 dxc6 11. Bg5 Qd7 12. Bxf6 gxf6 13. Qd2 Bf8 14. Bc4 Qxd2
15. Nbxd2 Bg4 16. h3 Bxf3 17. Nxf3 c5 18. b5 c6 19. bxc6 bxc6 20. Rfd1 Red8 21.
Rab1 Rxd1+ 22. Rxd1 Rb8 23. Rd7 a5 24. Rxf7 Rb2 25. Rb7+ Kh8 26. Rxb2 1-0

[Event "Aberto Brasil - II Niterói Chess Open "]
[Site "Salão de Convenções do Hot"]
[Date "2022.09.02"]
[Round "3.86"]
[White "Garcia, Erich Douglas Ribei"]
[Black "Fernandes, Marcio Rosa"]
[Result "1/2-1/2"]
[WhiteElo "1427"]
[BlackElo "1763"]
[PlyCount "63"]
[EventDate "2022.09.01"]
[EventRounds "9"]
[EventCountry "BRA"]

1. d4 Nf6 2. c4 g6 3. g3 Bg7 4. Bg2 c6 5. e4 d6 6. Nc3 O-O 7. Nge2 Nbd7 8. O-O
Rb8 9. Bd2 b5 10. b3 bxc4 11. bxc4 Ba6 12. Qa4 Qc8 13. Rab1 Nb6 14. Qc2 Nxc4
15. Rb3 Rxb3 16. axb3 Nxd2 17. Qxd2 Bxe2 18. Qxe2 Qb8 19. Rb1 Qb4 20. Qd3 Ng4
21. Ne2 Rb8 22. h3 Nf6 23. Qa6 Qb6 24. Qa4 a5 25. Ra1 Nd7 26. Qxa5 Qxa5 27.
Rxa5 c5 28. Ra7 cxd4 29. Nxd4 Bxd4 30. Rxd7 Kf8 31. Rc7 Rxb3 32. Rc2 1/2-1/2

[Event "Aberto Brasil - II Niterói Chess Open "]
[Site "Salão de Convenções do Hot"]
[Date "2022.09.02"]
[Round "3.87"]
[White "Salotti, Thiago Maida"]
[Black "Lima, Ivan Varga"]
[Result "0-1"]
[WhiteElo "1390"]
[BlackElo "1744"]
[PlyCount "92"]
[EventDate "2022.09.01"]
[EventRounds "9"]
[EventCountry "BRA"]

1. e4 c5 2. d3 Nc6 3. Nf3 Qc7 4. g3 d6 5. Bg2 Nf6 6. O-O g6 7. Re1 Bg7 8. Nbd2
O-O 9. Nf1 a5 10. c3 a4 11. a3 e5 12. h4 Be6 13. N1h2 Na5 14. Bg5 Nb3 15. Bxf6
Bxf6 16. Rb1 h5 17. Ng5 Bxg5 18. hxg5 Qe7 19. f4 Rad8 20. f5 Bc8 21. f6 Qe6 22.
Kf2 c4 23. d4 exd4 24. cxd4 Kh7 25. Bf3 Rh8 26. g4 h4 27. Rh1 Kg8 28. Nf1 b5
29. Kg2 Bb7 30. d5 Qe5 31. Ne3 Qxg5 32. Qg1 Nd2 33. Rd1 Nxf3 34. Kxf3 Qxf6+ 35.
Ke2 Qxb2+ 36. Rd2 Qe5 37. Qg2 Re8 38. Rdd1 Qxe4 39. Qf2 Qxg4+ 40. Kf1 Rxe3 41.
Qxe3 Qxd1+ 42. Kg2 Bxd5+ 43. Kf2 Qc2+ 44. Ke1 Qe4 45. Rh3 Qxe3+ 46. Rxe3 h3 0-1

[Event "Aberto Brasil - II Niterói Chess Open "]
[Site "Salão de Convenções do Hot"]
[Date "2022.09.02"]
[Round "3.88"]
[White "Da Rocha, Joao Batista Jose"]
[Black "Campagnolo, Bruna"]
[Result "0-1"]
[WhiteElo "1734"]
[BlackElo "1393"]
[PlyCount "162"]
[EventDate "2022.09.01"]
[EventRounds "9"]
[EventCountry "BRA"]

1. d4 Nf6 2. Nf3 d5 3. e3 e6 4. c4 c5 5. Nc3 Nc6 6. a3 Be7 7. Be2 O-O 8. O-O b6
9. cxd5 Nxd5 10. e4 Nf6 11. d5 exd5 12. exd5 Na5 13. h3 Bb7 14. Qc2 Bxd5 15.
Nxd5 Qxd5 16. Nd2 Qe5 17. Bf3 Bd6 18. g3 Rac8 19. Nc4 Nxc4 20. Qxc4 Qf5 21. Bg2
Rfe8 22. Be3 Be5 23. Rab1 Rcd8 24. b4 cxb4 25. axb4 Qd3 26. Qa2 Qd7 27. b5 Re7
28. Rfd1 Qc7 29. Rbc1 Rxd1+ 30. Rxd1 Bxg3 31. Bg5 Be5 32. Rc1 Qd7 33. Qb3 h6
34. Rd1 Qc7 35. Be3 Re8 36. Rc1 Qe7 37. Bc6 Rd8 38. Kg2 Bc7 39. Rd1 Rxd1 40.
Qxd1 Qd6 41. Qf3 Nd7 42. Be4 Ne5 43. Qf5 Qg6+ 44. Qxg6 Nxg6 45. Bc2 Nf4+ 46.
Kg3 Nd5+ 47. Kf3 Nxe3 48. fxe3 Kf8 49. Ke4 Ke7 50. Kd5 g5 51. Kc6 Bd6 52. Bf5
Bc5 53. e4 f6 54. Kb7 Kd6 55. Kxa7 Ke5 56. Kb7 h5 57. Kc6 g4 58. hxg4 hxg4 59.
Bxg4 Kxe4 60. Be6 f5 61. Bd5+ Ke3 62. Bg2 f4 63. Kd5 f3 64. Bh3 f2 65. Bf1 Kd2
66. Ke4 Ke1 67. Bc4 f1=Q 68. Bxf1 Kxf1 69. Kd3 Kf2 70. Kd2 Kf3 71. Kd3 Kf4 72.
Kc4 Ke4 73. Kc3 Kd5 74. Kb3 Bd6 75. Ka4 Kc5 76. Kb3 Kxb5 77. Kc3 Ka4 78. Kb2 b5
79. Ka2 b4 80. Kb2 Be5+ 81. Kb1 Ka3 0-1

[Event "Aberto Brasil - II Niterói Chess Open "]
[Site "Salão de Convenções do Hot"]
[Date "2022.09.02"]
[Round "3.89"]
[White "Babinski, Yuri Brasil"]
[Black "Pavao, Fabio Biasi"]
[Result "0-1"]
[WhiteElo "1800"]
[BlackElo "1703"]
[PlyCount "56"]
[EventDate "2022.09.01"]
[EventRounds "9"]
[EventCountry "BRA"]

1. e4 c5 2. Nf3 g6 3. Nc3 Bg7 4. d4 cxd4 5. Nxd4 Nc6 6. Be3 Nf6 7. Qd2 Ng4 8.
Nxc6 bxc6 9. Bd3 Nxe3 10. Qxe3 Rb8 11. O-O Rxb2 12. Ne2 Qb6 13. Qxb6 Rxb6 14.
Rab1 O-O 15. f4 Ba6 16. Rxb6 Bxd3 17. cxd3 axb6 18. Rd1 Ra8 19. Rd2 d6 20. d4
c5 21. e5 cxd4 22. Nxd4 dxe5 23. Nc6 exf4 24. Nxe7+ Kf8 25. Nd5 Ra4 26. Nxb6
Bd4+ 27. Rxd4 Rxd4 28. a4 Rd2 0-1

[Event "Aberto Brasil - II Niterói Chess Open "]
[Site "Salão de Convenções do Hot"]
[Date "2022.09.02"]
[Round "3.90"]
[White "Fonseca, Marcelo Lobo"]
[Black "Gomes, Genildo De Souza"]
[Result "1-0"]
[WhiteElo "1800"]
[BlackElo "1686"]
[PlyCount "51"]
[EventDate "2022.09.01"]
[EventRounds "9"]
[EventCountry "BRA"]

1. d4 e6 2. c4 d5 3. Nc3 Bb4 4. Nf3 c5 5. cxd5 Qxd5 6. Bd2 Qd8 7. e3 Nf6 8. Qc2
Nc6 9. a3 Qa5 10. Bd3 cxd4 11. exd4 Nd5 12. O-O Bxc3 13. bxc3 Qc7 14. c4 Nde7
15. Rfe1 Ng6 16. d5 Nce7 17. Bb4 Qd8 18. Rad1 a5 19. Bxg6 axb4 20. Bxf7+ Kxf7
21. dxe6+ Bxe6 22. Rxd8 Rhxd8 23. Ng5+ Kf6 24. Nxe6 Rd6 25. Qb2+ Kf5 26. Qe5+
1-0

[Event "Aberto Brasil - II Niterói Chess Open "]
[Site "Salão de Convenções do Hot"]
[Date "2022.09.02"]
[Round "3.91"]
[White "Orofino, Gabriel"]
[Black "De Oliveira, Joao Eudes"]
[Result "0-1"]
[WhiteElo "1800"]
[BlackElo "1643"]
[PlyCount "88"]
[EventDate "2022.09.01"]
[EventRounds "9"]
[EventCountry "BRA"]

1. e4 c5 2. Nf3 d6 3. Bb5+ Bd7 4. Bxd7+ Qxd7 5. O-O Nf6 6. d3 e6 7. b3 Be7 8.
Bb2 Nc6 9. Nbd2 O-O 10. d4 cxd4 11. Nxd4 Rac8 12. c4 a6 13. Qe2 Rfe8 14. Rfd1
Nxd4 15. Bxd4 Qc6 16. Rac1 b6 17. a3 Qb7 18. b4 Nd7 19. Nf1 e5 20. Bb2 Nf6 21.
Ng3 g6 22. Rc3 Nd7 23. Bc1 Nf8 24. Bh6 Ne6 25. Nh5 Nd4 26. Qg4 f5 27. exf5 Nxf5
28. Rf3 Nxh6 29. Qe6+ Kh8 30. Rxd6 Bxd6 31. Qf6+ Kg8 32. Qxd6 Qe7 33. Nf6+ Kg7
34. Qxb6 Rxc4 35. Nxe8+ Qxe8 36. h3 Nf5 37. Qxa6 Qc6 38. Qa7+ Qc7 39. Qa4 Rc1+
40. Kh2 e4+ 41. g3 exf3 42. Qb3 Nxg3 43. Qxf3 Nf1+ 44. Kg2 Qh2# 0-1

[Event "Aberto Brasil - II Niterói Chess Open "]
[Site "Salão de Convenções do Hot"]
[Date "2022.09.02"]
[Round "3.92"]
[White "Nobre, Jose Adalberto Barb"]
[Black "Vaz, Vania Dora Madona"]
[Result "1-0"]
[WhiteElo "1593"]
[BlackElo "1240"]
[PlyCount "55"]
[EventDate "2022.09.01"]
[EventRounds "9"]
[EventCountry "BRA"]

1. e4 e6 2. d3 d5 3. Nd2 Nf6 4. Qe2 Be7 5. g3 O-O 6. Bg2 b6 7. Ngf3 c5 8. O-O
Nc6 9. a3 Bb7 10. Re1 Re8 11. b3 d4 12. h3 e5 13. Nh2 a5 14. f4 Qd7 15. f5 h6
16. g4 Nh7 17. Ndf3 g6 18. Bxh6 g5 19. h4 gxh4 20. g5 f6 21. g6 Ng5 22. Nxh4
Bf8 23. Ng4 Qe7 24. Nf3 Bxh6 25. Nxh6+ Kg7 26. Nxg5 fxg5 27. Ng4 Rh8 28. f6+
1-0

[Event "Aberto Brasil - II Niterói Chess Open "]
[Site "Salão de Convenções do Hot"]
[Date "2022.09.02"]
[Round "3.94"]
[White "Santiago, Mauro"]
[Black "Stival Da Silva, Javier Rodrigo"]
[Result "1-0"]
[WhiteElo "1556"]
[BlackElo "1807"]
[PlyCount "67"]
[EventDate "2022.09.01"]
[EventRounds "9"]
[EventCountry "BRA"]

1. d4 Nf6 2. Nf3 d5 3. c4 e6 4. Nc3 Bb4 5. Qc2 O-O 6. a3 Be7 7. e3 b6 8. Bd3 h6
9. O-O Bb7 10. Ne5 Nbd7 11. f4 c5 12. cxd5 exd5 13. dxc5 Nxc5 14. b4 Nxd3 15.
Qxd3 Rc8 16. Bb2 Re8 17. Rad1 Bd6 18. Ne2 Bxe5 19. fxe5 Ng4 20. Qf5 Nxe3 21.
Qxf7+ Kh8 22. Nf4 Rc7 23. Qh5 Nxd1 24. Rxd1 Qc8 25. e6 Kg8 26. Qg6 Ree7 27. Re1
Qe8 28. Qg4 g5 29. Nh5 Qg6 30. h4 Bc8 31. hxg5 Bxe6 32. Nf6+ Kf8 33. Rxe6 Rxe6
34. Qxe6 1-0

[Event "Aberto Brasil - II Niterói Chess Open "]
[Site "Salão de Convenções do Hot"]
[Date "2022.09.02"]
[Round "3.96"]
[White "Araujo, Barbara Ribeiro"]
[Black "Vargas, Victor Da Silva"]
[Result "1-0"]
[WhiteElo "1523"]
[BlackElo "1776"]
[PlyCount "75"]
[EventDate "2022.09.01"]
[EventRounds "9"]
[EventCountry "BRA"]

1. c4 e5 2. g3 c6 3. d4 Bb4+ 4. Bd2 Qa5 5. dxe5 Bxd2+ 6. Qxd2 Qxe5 7. Nf3 Qc7
8. Nc3 Nf6 9. Bg2 O-O 10. O-O d6 11. Rac1 h6 12. Rfd1 Rd8 13. Qf4 Qe7 14. e4
Be6 15. b3 Nh5 16. Qe3 Nd7 17. Nd4 Bg4 18. f3 Be6 19. f4 Bg4 20. Re1 c5 21.
Ndb5 a6 22. Nc7 Rac8 23. N7d5 Qe6 24. f5 Qe5 25. Kf2 Nhf6 26. h3 Bh5 27. Nxf6+
Nxf6 28. Kg1 d5 29. Nxd5 Rxd5 30. cxd5 b6 31. Rc3 Re8 32. g4 Bxg4 33. hxg4 Nxg4
34. Qg3 Qd4+ 35. Rce3 Nxe3 36. Qxe3 Qb2 37. e5 f6 38. e6 1-0

[Event "Aberto Brasil - II Niterói Chess Open "]
[Site "Salão de Convenções do Hot"]
[Date "2022.09.02"]
[Round "3.98"]
[White "Do Amaral Vailant, Helena Kether"]
[Black "De Abreu, Luiza Reis Rodrigue"]
[Result "1-0"]
[WhiteElo "1513"]
[BlackElo "1742"]
[PlyCount "62"]
[EventDate "2022.09.01"]
[EventRounds "9"]
[EventCountry "BRA"]

1. e4 c5 2. Nc3 e6 3. Nf3 Nc6 4. Bb5 a6 5. Bxc6 bxc6 6. O-O d5 7. d4 cxd4 8.
Nxd4 Bb7 9. f4 Bc5 10. Kh1 dxe4 11. Nb3 Be7 12. Nxe4 Nf6 13. Nec5 Qc7 14. Nxb7
Qxb7 15. Qe2 O-O 16. c3 c5 17. f5 exf5 18. Rxf5 Rfe8 19. Qf1 Rad8 20. Be3 c4
21. Qxc4 g6 22. Rf3 Rd5 23. Bd4 Rg5 24. Qf1 Rf8 25. Re1 Nd5 26. c4 Nb4 27. Rxe7
Qxe7 28. Bf6 Qe6 29. Bxg5 Re8 30. a3 Nc2 31. Rf2 Qxc4 1-0